The agony and the glory : (Record no. 130657)

MARC details
000 -LEADER
fixed length control field 00769nam a22002417a 4500
005 - DATE AND TIME OF LATEST TRANSACTION
control field 20170124110114.0
010 ## - LIBRARY OF CONGRESS CONTROL NUMBER
LC control number A-493633
020 ## - INTERNATIONAL STANDARD BOOK NUMBER
Terms of availability 00.00
International Standard Book Number 8170187133
035 ## - SYSTEM CONTROL NUMBER
System control number A-493633
037 ## - SOURCE OF ACQUISITION
Source of stock number/acquisition Cen Lib/Ret
040 ## - CATALOGING SOURCE
Original cataloging agency DPL
Language of cataloging EN
082 ## - DEWEY DECIMAL CLASSIFICATION NUMBER
Classification number N
Item number GOK
100 ## - MAIN ENTRY--PERSONAL NAME
Personal name Gokak, Vinayak Krishna
9 (RLIN) 8536
245 ## - TITLE STATEMENT
Title The agony and the glory :
Statement of responsibility, etc by Vinayak Krishna Gokak; translated by Yashoda Bhat
Remainder of title a novel /
260 ## - PUBLICATION, DISTRIBUTION, ETC. (IMPRINT)
Place of publication, distribution, etc New Delhi
Name of publisher, distributor, etc B.R. Publishing Corporation
Date of publication, distribution, etc 1992
270 ## - ADDRESS
City New Delhi
Address 29/9, Nangia Park, Shakti Nagar
Postal code 110007
300 ## - PHYSICAL DESCRIPTION
Extent xxv, 489p.
Dimensions 19cm(Hb)
490 ## - SERIES STATEMENT
Series statement New world literature series : 56
650 ## - SUBJECT ADDED ENTRY--TOPICAL TERM
Topical term or geographic name as entry element Literature fiction
9 (RLIN) 73132
650 ## - SUBJECT ADDED ENTRY--TOPICAL TERM
Topical term or geographic name as entry element Kannada Novel
9 (RLIN) 73133
700 ## - ADDED ENTRY--PERSONAL NAME
Personal name Bhat, Yashoda
9 (RLIN) 8596
942 ## - ADDED ENTRY ELEMENTS (KOHA)
Source of classification or shelving scheme Dewey Decimal Classification
Koha item type English Books
Classification part N
Call number suffix GOK
Holdings
Withdrawn status Lost status Damaged status Not for loan Home library Current library Date acquired Source of acquisition Cost, normal purchase price Total Checkouts Full call number Barcode Date last seen Copy number Cost, replacement price Price effective from Koha item type
        Central Library Central Library 10/07/2015 Cen Lib/Ret 0.00   N GOK A-493633 10/07/2015 1 0.00 10/07/2015 English Books

© Delhi Public Library
Hit Counter
free hit counter